Central Library OPAC University of Rajshahi

দিনাজপুর জেলার সামাজিক ও সাংস্কৃতিক সংগঠন (১৭৮৬-১৯৮৩) : (Record no. 15392)

MARC details
000 -LEADER
fixed length control field 02052nam a2200277 a 4500
001 - CONTROL NUMBER
RUCL Control Number 15392
003 - CONTROL NUMBER IDENTIFIER
rucl marc code BD-RjUL
005 - DATE AND TIME OF LATEST TRANSACTION
control field 20220111122733.0
008 - FIXED-LENGTH DATA ELEMENTS--GENERAL INFORMATION
fixed length control field 140210s2012 bg a|||| mb|| 00| 0 ben d
035 ## - SYSTEM CONTROL NUMBER
system control number (BD-RjUL)15446
040 ## - CATALOGING SOURCE
Original cataloging agency BD-RjUL
Language of cataloging ben
Transcribing agency BD-RjUL
Modifying agency BD-RjUL
041 ## - LANGUAGE CODE
Language code of Book ben
082 ## - DEWEY DECIMAL CLASSIFICATION NUMBER
DDC Edition number 21
Classification number 367.954924
Author mark and Year RAD 2012
100 ## - MAIN ENTRY--PERSONAL NAME
Personal name রসুল, মোঃ গোলাম
9 (RLIN) 47823
245 ## - TITLE STATEMENT
Title দিনাজপুর জেলার সামাজিক ও সাংস্কৃতিক সংগঠন (১৭৮৬-১৯৮৩) :
Remainder of title জনজীবনে প্রভাব /
Statement of responsibility, etc মোঃ গোলাম রসুল ;
Name of Supervisor/Co-Supervisor গবেষণা তত্ত্বাবধায়ক: সৈয়দা নূরে কাছেদা খাতুন
260 ## - PUBLICATION, DISTRIBUTION, ETC. (IMPRINT)
Place of publication, distribution, etc রাজশাহী :
Name of publisher, distributor, etc ইসলামের ইতিহাস ও সংস্কৃতি বিভাগ, রাজশাহী বিশ্ববিদ্যালয়,
Date of publication, distribution, etc ২০১২
300 ## - PHYSICAL DESCRIPTION
Pagination xiii, ৪২৬ পাতা :
Other physical details চিত্র ;
Dimensions ৩০ সেমি.
502 ## - DISSERTATION NOTE
Dissertation note থিসিস (পিএইচ. ডি.) --ইসলামের ইতিহাস ও সংস্কৃতি বিভাগ, রাজশাহী বিশ্ববিদ্যালয়,২০১২.
504 ## - BIBLIOGRAPHY, ETC. NOTE
Bibliography, etc গ্রন্থপঞ্জি সংযুক্ত।
650 ## - SUBJECT ADDED ENTRY--TOPICAL TERM
Topical term or geographic name as entry element সামাজিক ও সাংস্কৃতিক সংগঠন
Form subdivision ইতিহাস
Geographic subdivision বাংলাদেশ
-- দিনাজপুর জেলা
Chronological subdivision ১৭৮৬-১৯৮৩
9 (RLIN) 48023
Topical term or geographic name as entry element Social and cultural organizations
Form subdivision History
Geographic subdivision Bangladesh
-- Dinajpur District
Chronological subdivision 1786-1983
9 (RLIN) 243974
Topical term or geographic name as entry element বাংলাদেশ
Form subdivision ইতিহাস
Geographic subdivision দিনাজপুর
Chronological subdivision ১৭৮৬-১৯৮৩
9 (RLIN) 48025
Topical term or geographic name as entry element Bangladesh
Form subdivision History
Geographic subdivision Bangladesh
-- Dinajpur District
Chronological subdivision 1786-1983
9 (RLIN) 243975
700 ## - ADDED ENTRY--SUPERVISOR/CO-SUPERVISOR NAME
Personal name খাতুন, সৈয়দা নূরে কাছেদা, গবেষণা তত্ত্বাবধায়ক
9 (RLIN) 650
942 ## - ADDED ENTRY ELEMENTS (KOHA)
Source of classification or shelving scheme Dewey Decimal Classification
Koha item type Theses
Holdings
Source of classification or shelving scheme Damaged status Not for loan Collection code Permanent Location Current Location Shelving location Date of accession Source of acquisition Total Checkouts Full call number Barcode Date last seen Copy number Thesis
Dewey Decimal Classification   Not For Loan Theses Central Library, University of Rajshahi Central Library, University of Rajshahi Documentation Section 28/10/2013 Controller of Examination Office, University of Rajshahi, Rajshahi.   BTHE 367.954924 RAD 2012 D3581 10/02/2014 C-1 Theses